| 000 -LEADER |
| fixed length control field |
01006nam a22002177a 4500 |
| 008 - FIXED-LENGTH DATA ELEMENTS--GENERAL INFORMATION |
| fixed length control field |
131205b xxu||||| |||| 00| 0 alb d |
| 020 ## - INTERNATIONAL STANDARD BOOK NUMBER |
| International Standard Book Number |
9789951888103 |
| 041 0# - LANGUAGE CODE |
| Language code of text/sound track or separate title |
alb |
| 041 0# - LANGUAGE CODE |
| Language code of text/sound track or separate title |
srp |
| 080 ## - UNIVERSAL DECIMAL CLASSIFICATION NUMBER |
| Universal Decimal Classification number |
341.322 |
| 245 00 - TITLE STATEMENT |
| Title |
Sfidat e hulumtimit të krimeve të luftës në Kosovë 1998-1999 : |
| Statement of responsibility, etc |
[redaksia Zejnullah Gruda... et al. ; përktheu Vehap Shita]. |
| 246 13 - VARYING FORM OF TITLE |
| Title proper/short title |
Izazovi istraživanja ratnih zločina na Kosovu 1998-juni 1999 : |
| Remainder of title |
zbornika radova sa međunarodne konferencije, Priština, 16. decembar 2011 |
| 260 ## - |
| -- |
Prishtinë : |
| -- |
Instituti për Hulumtimin e Krimeve të Luftës, |
| -- |
2013. |
| 300 ## - |
| -- |
196, 174 f. ; |
| -- |
24 cm. |
| 500 ## - |
| -- |
Në anën e kundërt të librit, titulli dhe teksti në gjuhën serbe. |
| 650 4# - |
| -- |
Krimet e luftës |
| -- |
Konferenca |
| -- |
Kosovë |
| 650 4# - |
| -- |
Të drejtat e njeriut |
| -- |
Konferenca |
| -- |
Kosovë |
| 700 1# - |
| -- |
Gruda, Zejnullah |
| 700 1# - |
| -- |
Shita, Vehap |
| 942 ## - ADDED ENTRY ELEMENTS (KOHA) |
| Source of classification or shelving scheme |
|
| Item type |
Books |